000 00924nas a2200301 4500
001 BR2011001958
003 BR-BrBNA
005 20231205114926.0
007 ta
008 230509b bl.|||p| |||| 00| 00por d
040 _aBR-BrBNA
_bpor
_cBiblioteca Nacional de Agricultura
041 _a(Pt)
072 _aE71
100 1 _aSilva, J.C.G.L. da
100 1 _aAlmeida, A.N. de
100 1 _aHildebrand, E.
100 1 _aSawinski Júnior, J.
100 1 _aLacowicz, P.G.
245 1 _aEstratégias de posicionamento no mercado internacional das empresas brasileiras de papel e celulose
650 _aPAPEL
650 _aCELULOSE
650 _aMERCADO INTERNACIONAL
650 _aPESQUISA DE MERCADO
650 _aINDÚSTRIA FLORESTAL
773 0 _tFloresta (Brazil)
_xISSN 0015-3826
_g(Oct-Dec 2010), v. 40(4) p. 801-812
_wBR2011001958
909 _a202311
_bLúcia
_c55
_dLúcia Elande
942 _2AGRIS
_n0
_cANA
999 _c211251
_d211251